000 00265nam a2200097Ia 4500
001 1209896
005 20250827024408.0
008 250824s9999 xx 000 0 und d
245 0 _aKAŞAĞI
_cÖMER SEYFETTİN
260 _bALTIN KİTAPLAR YAYINLARI
999 _c1209896
_d1209896